| 000 | 03322cgm a2200709Ia 4500 | ||
|---|---|---|---|
| 003 | data | ||
| 005 | 20260322212023.0 | ||
| 007 | data | ||
| 008 | data | ||
| 020 | _a078888333X | ||
| 020 | _a9780788883330 | ||
| 024 | 1 | _a786936747362 | |
| 028 | 4 | 2 |
_a55692 _bWalt Disney Home Entertainment |
| 040 |
_aTEFMT _cTEFMT _dIHI _dBTCTA _dIHI |
||
| 041 | 1 |
_aeng _bspa _aspa _aeng _bfre _bspa _heng |
|
| 043 | _an-us--- | ||
| 050 | 1 | 4 |
_aPN1995.9.C55 _bG364 2008 |
| 082 | 0 | 4 |
_a791.43/72 _222 |
| 090 | _aDVD 910 | ||
| 245 | 1 | 4 |
_aThe game plan _h[videorecording] / _cGordon Gray ... [et al.]. |
| 260 |
_aBurbank, CA : _bdistributed by Walt Disney Studios Home Entertainment, _bdistributed by Walt Disney Studios Home Entertainment, _c[2008] |
||
| 300 |
_a1 videodisc (ca. 110 min.) : _bsd., col. ; _c4 3/4 in. |
||
| 500 | _aDVD release of the 2006 motion picture. | ||
| 500 | _aSpecial features: bloopers with Marv Albert; deleted scenes; ESPN's SportsCenter DVD exclusive: The king in search of a ring: Stuart Scott of ESPN hosts a look at Joe Kingmans' fictitious biography; ESPN's SportsCenter: The Rock learns to play QB - ESPN's Sean Salisbury interviews The Rock on how he learned to play quarterback for the movie. | ||
| 508 | _aDirector of photography, Greg Gardiner ; editor, Michael Jablow ; music, Nathan Wang ; costume designer, Genevieve Tyrrell ; production designer, David J. Bomba. | ||
| 511 | 1 | _aDwayne "The Rock" Johnson, Madison Pettis, Kyra Sedgwick, Morris Chestnut, Roselyn Sanchez. | |
| 520 | _aSuperstar quarterback Joe Kingman has an ego bigger than a football field. Joe is getting ready for a run at the big championship game when the eight-year-old daughter he never knew existed shows up at his not-so-family-friendly bachelor pad. As the big game gets closer, he begins to realize the most meaningful win he can achieve is the heart of the one little fan who counts the most. | ||
| 521 | 8 | _aMPAA rating: PG; for some mild thematic elements. | |
| 538 | _aDVD ; Region 1 ; full screen (1.33:1) presentation ; Dolby Digital 5.1 surround. | ||
| 546 | _aIn English, dubbed French or dubbed Spanish, with French or Spanish subtitles. | ||
| 546 | _aClosed-captioned. | ||
| 650 | 0 |
_aQuarterbacks (Football) _vDrama. |
|
| 650 | 0 |
_aFathers and daughters _zUnited States _vDrama. |
|
| 650 | 0 |
_aSingle fathers _zUnited States _vDrama. |
|
| 650 | 0 |
_aFootball teams _zUnited States _vDrama. |
|
| 655 | 7 |
_aComedy _vFeature. _2migfg. |
|
| 655 | 7 |
_aSports _vFeature. _2migfg. |
|
| 655 | 7 |
_aFamily _vFeature. _2migfg. |
|
| 655 | 7 |
_aFeature films. _2gsafd. |
|
| 655 | 7 |
_aComedy films. _2gsafd. |
|
| 655 | 0 | _aComedy films. | |
| 655 | 0 | _aFootball films. | |
| 655 | 0 | _aSports films. | |
| 655 | 0 | _aFiction films. | |
| 655 | 0 | _aFeature films. | |
| 700 | 1 | _aGray, Gordon. | |
| 700 | 1 | _aCiardi, Mark. | |
| 700 | 1 | _aMillard, Nichole. | |
| 700 | 1 | _aPrice, Kathryn. | |
| 700 | 1 |
_aWells, Audrey, _d1960- |
|
| 700 | 1 | _aFickman, Andy. | |
| 700 | 1 |
_aRock _c(Wrestler) |
|
| 700 | 1 | _aPettis, Madison. | |
| 700 | 1 | _aSedgwick, Kyra. | |
| 700 | 1 | _aChestnut, Morris. | |
| 700 | 1 |
_aSanchez, Roselyn, _d1970- |
|
| 710 | 2 | _aWalt Disney Pictures. | |
| 710 | 2 | _aMayhem Pictures. | |
| 710 | 2 | _aWalt Disney Home Entertainment (Firm) | |
| 710 | 2 | _aWalt Disney Studios Home Entertainment (Firm) | |
| 001 | data | ||
| 999 |
_c528 _d528 |
||